000 00308nam a22001337a 4500
008 170731b xxu||||| |||| 00| 0 eng d
020 _a9780321512390
041 _aeng
080 _23RD
_a004
100 _a004
101 _a32
245 _aFLUENCY WITH INFORMATION TECHNOLOGY
_cSNYDER,L
942 _2udc
_cBK
999 _c22295
_d22295